Ispytanija kontroľ i diagnostirovanije gibkich proivodstvennych sistem : Sbornik naučnych trudov /
Na minha lista:
| Outros Autores: | , |
|---|---|
| Formato: | Livro |
| Idioma: | russo |
| Publicado em: |
Moskva :
Nauka,
1988
|
| Assuntos: | |
| Tags: |
Sem tags, seja o primeiro a adicionar uma tag!
|
MARC
| LEADER | 00000nam a22000003a 4500 | ||
|---|---|---|---|
| 001 | stu3299 | ||
| 005 | 20150617225616.8 | ||
| 008 | 930319s1988----xxr-----------------rus-d | ||
| 020 | |a 50-02-006598-6 | ||
| 040 | |a STU |b slo | ||
| 041 | 0 | |a rus | |
| 044 | |a xxr | ||
| 080 | |a 681.518.5 | ||
| 080 | |a 681.322 | ||
| 080 | |a 658.52.011.56 |7 stu_us_auth*stu8281 | ||
| 100 | 1 | |a Makarov, Igor M |4 com | |
| 245 | 1 | |a Ispytanija kontroľ i diagnostirovanije gibkich proivodstvennych sistem : |b Sbornik naučnych trudov / |c Red.: Makarova,M.; Nachapeťana,E.G | |
| 260 | |a Moskva : |b Nauka, |c 1988 | ||
| 300 | |a 248 s | ||
| 650 | 7 | |a vibrácie |2 stusub | |
| 700 | 1 | |a Nachapetjan, Je. G. |4 xxx | |
| 996 | |b 284J016700 |c J*80837 |l JJST |s P |a 0 |w stu3299_0001 | ||
| 996 | |b E67829 |c E*67829 |l EE09 |s P |a 0 |w stu3299_0002 | ||